000 00953nam a22002651u 4500
001 06060
003 HDC
007 cr bn ---
008 210122p xx fo d 00 engg
040 _aHDC
100 _aHermansen, Klaus
_96360
245 0 _aWorld Halal Conference KL 2014:
_bHistorical and future outlook on world pharmaceutical and vaccine market /
_cby Klaus Hermansen
260 _a[No place] :
_b[publisher not identified],
_c2014
300 _a25 pages :
_bIllustrations
336 _atext
_2rdacontent
337 _acomputer
_2rdamedia
338 _aonline resource
_2rdacarrier
650 _aHalal industry
_9144
650 _aPharmaceutical market
_96362
650 _aVaccine market
_96361
856 _zRequest full-text at [email protected]
942 _2lcc
942 _cSLIDE
942 _kSLID 000664
999 _c3384
_d3384